[Event "Mumbai Chess Capital op"]
[Site "Mumbai"]
[Date "2019.06.30"]
[Round "5"]
[White "Karra, Vikram"]
[Black "Dharia, Vishal"]
[Result "1-0"]
[WhiteElo "1122"]
[BlackElo "1395"]
[PlyCount "102"]
[EventDate "2019.06.29"]
[EventType "swiss"]
[EventRounds "7"]
[EventCountry "IND"]
[SourceTitle "CBM 191 Extra"]
[Source "ChessBase"]
[SourceDate "2019.09.30"]
[SourceVersion "1"]
[SourceVersionDate "2019.09.30"]
[SourceQuality "1"]

1. d4 Nf6 2. Nf3 b6 3. e3 Bb7 4. Bd3 e6 5. Nbd2 Be7 6. b3 d5 7. Bb2 Nbd7 8. 0-0 Ne4 9. Ne5 0-0 10. Bxe4 dxe4 11. Qe2 Rc8 12. Rfd1 f5 13. c4 Qe8 14. Nxd7 Qxd7 15. f3 Rf6 16. fxe4 fxe4 17. d5 Rg6 18. Nxe4 exd5 19. cxd5 Qf5 20. Ng3 Qg5 21. e4 Bd6 22. e5 Re8 23. Qb5 Rxe5 24. Bxe5 Qxe5 25. Re1 Qd4+ 26. Kh1 h6 27. Rad1 Qh4 28. Nf1 Qf2 29. Re2 Qh4 30. Qe8+ Kh7 31. Qe4 Qg5 32. Ne3 Qh5 33. Nf1 Ba6 34. g4 Qh4 35. Rg2 h5 36. Ne3 hxg4 37. Qxg6+ Kxg6 38. Rxg4+ Qxg4 39. Nxg4 Be2 40. Rd4 Bf3+ 41. Kg1 Bc5 42. Ne5+ Kf5 43. Nxf3 Bxd4+ 44. Nxd4+ Ke4 45. Ne6 Kxd5 46. Nxg7 c5 47. h4 b5 48. h5 Ke5 49. Ne8 a5 50. h6 c4 51. bxc4 Kd4 1-0